[Event "Open Loire"]
[Site "?"]
[Date "2001.05.12"]
[Round "6"]
[White "Trottet, Francois"]
[Black "Raymond, Andre"]
[Result "1-0"]
[WhiteElo "1270"]
[BlackElo "1490"]
[PlyCount "64"]
[EventDate "1996.??.??"]

1. e4 g6 2. d4 Bg7 3. Nf3 d6 4. h3 Nf6 5. Bd3 O-O 6. Nc3 Nbd7 7. Be3 e5 8. dxe5
Nxe5 9. Qe2 Nxd3+ 10. Qxd3 a6 11. O-O b5 12. Rab1 c5 13. Nd5 Nxd5 14. exd5 Bf5
15. Qd2 Re8 16. a3 Be4 17. Ne1 Re5 18. f4 Rxd5 19. Qe2 c4 20. Qf2 Rb8 21. Nf3
h6 22. Rbe1 Bf5 23. Nd4 Bd7 24. c3 Rh5 25. Kh2 Bf6 26. Nf3 Qc8 27. Qg3 Bc6 28.
Rd1 Bxf3 29. Qxf3 Be7 30. Rd5 Rxd5 31. Qxd5 Qd7 32. Bc5 Qc7 1-0

[Event "Open Loire"]
[Site "?"]
[Date "2001.05.12"]
[Round "6"]
[White "Bournez, Gerard"]
[Black "Vinot, Raoul"]
[Result "1-0"]
[WhiteElo "1470"]
[BlackElo "1470"]
[PlyCount "71"]
[EventDate "1996.??.??"]

1. e4 e5 2. Nf3 Nc6 3. Bc4 Bc5 4. c3 Nf6 5. Qe2 O-O 6. O-O d6 7. h3 Nh5 8. d3
Qf6 9. Kh1 Re8 10. a3 Nf4 11. Bxf4 Qxf4 12. Qd2 Qf6 13. b4 Bb6 14. a4 a6 15. a5
Ba7 16. b5 Ne7 17. Qa2 h6 18. Nbd2 Ng6 19. Bd5 Be6 20. Bxe6 Rxe6 21. Qc4 Qd8
22. bxa6 bxa6 23. g3 Qc8 24. Qc6 Ne7 25. Qc4 Rg6 26. Kg2 c6 27. Rab1 h5 28. d4
exd4 29. cxd4 d5 30. Qb4 c5 31. dxc5 Bxc5 32. Qb3 Qd7 33. Ne5 Qe6 34. Nxg6 Nxg6
35. Qxd5 Ne7 36. Qxa8+ 1-0

[Event "Open Loire"]
[Site "?"]
[Date "2001.05.12"]
[Round "6"]
[White "Bourgin, Christian"]
[Black "Reissier, Amandine"]
[Result "0-1"]
[WhiteElo "1199"]
[BlackElo "1310"]
[PlyCount "66"]
[EventDate "1996.??.??"]

1. e4 e6 2. Nc3 d5 3. Nf3 Nf6 4. e5 Ng4 5. d4 Be7 6. h3 Nh6 7. Bd3 Nf5 8. O-O
O-O 9. Na4 a6 10. c4 dxc4 11. Be4 Nd7 12. d5 Nc5 13. Nxc5 Bxc5 14. dxe6 fxe6
15. Bg5 Qd7 16. Qxd7 Bxd7 17. Bxb7 Ra7 18. Rad1 Bb5 19. Be4 c3 20. Bd3 Bxd3 21.
Rxd3 cxb2 22. Nd2 Rb7 23. Rb3 Rxb3 24. axb3 Nd4 25. Re1 Bb4 26. Be3 Nxb3 27.
Rd1 Rd8 28. Bg5 Rd7 29. Kf1 Bxd2 30. Bxd2 Nxd2+ 31. Rxd2 Rxd2 32. Ke1 Rc2 33.
Kd1 b1=Q# 0-1

[Event "Open Loire"]
[Site "?"]
[Date "2001.05.12"]
[Round "6"]
[White "Soler, Gerald"]
[Black "Bruyas, Benjamin"]
[Result "1-0"]
[WhiteElo "1499"]
[BlackElo "1110"]
[PlyCount "45"]
[EventDate "1996.??.??"]

1. e4 e5 2. Nf3 Nc6 3. d4 f6 4. d5 Nb4 5. Bd2 b6 6. Be2 f5 7. exf5 d6 8. Bxb4
Bxf5 9. O-O Nf6 10. Bb5+ Kf7 11. Ng5+ Kg6 12. Bd2 a6 13. Bd3 Bxd3 14. cxd3 Nxd5
15. Ne6 Qe7 16. Nxf8+ Rhxf8 17. Nc3 Nf4 18. Bxf4 Rxf4 19. Nd5 Qf7 20. Nxf4+
Qxf4 21. Qc1 Qf5 22. Qxc7 Qxd3 23. Qxb6 1-0

[Event "Open Loire"]
[Site "?"]
[Date "2001.05.12"]
[Round "6"]
[White "Mialon, Franck"]
[Black "Veyrat, Gerard"]
[Result "0-1"]
[WhiteElo "1250"]
[BlackElo "1150"]
[PlyCount "116"]
[EventDate "1996.??.??"]

1. e4 e6 2. d4 d5 3. e5 c5 4. c3 cxd4 5. cxd4 Bb4+ 6. Bd2 Nc6 7. Bb5 Qb6 8.
Bxc6+ bxc6 9. Nf3 Bxd2+ 10. Qxd2 Nh6 11. O-O Nf5 12. Nc3 Ba6 13. Na4 Qc7 14.
Rfc1 Bb5 15. Nc5 O-O 16. a4 Bc4 17. b3 Bxb3 18. Nxb3 Rab8 19. Na5 Rb6 20. Rc2
Rfb8 21. Rac1 Ne7 22. Qg5 Rb1 23. Nxc6 Rxc1+ 24. Rxc1 Nxc6 25. h4 Qb6 26. h5
Nxd4 27. h6 g6 28. Qf6 Nf5 29. Nh4 Nxh6 30. Qg5 Nf5 31. Nxf5 exf5 32. Rd1 d4
33. Re1 Re8 34. g4 f6 35. Qh6 fxe5 36. gxf5 Qf6 37. Re4 Qxf5 38. Rh4 Re7 39.
Qc1 Rf7 40. Rh2 d3 41. Qd2 e4 42. Rg2 Rb7 43. Qa2+ Rf7 44. Qd2 h5 45. Qh6 Rf6
46. Qc1 h4 47. Qc4+ Kg7 48. Qc7+ Rf7 49. Qc3+ Qf6 50. Qd2 h3 51. Rh2 Qf5 52.
Qc3+ Kh6 53. Qc1+ g5 54. Qc6+ Kh5 55. Kf1 Qf3 56. Qc1 e3 57. Qa1 Qe2+ 58. Kg1
exf2+ 0-1